00757nam a2200205Ia 4500003000900000008004100009040001600050080002200066100003000088245010700118260005000225300002300275490003400298650002600332650002400358650004900382942000700431999001500438952009800453IN-BaIIA211028s9999 xx 000 0 eng d cIIA Library a084.4:524.31bARG aArgelander, F. W. A91081 0aAtlas des nordlichen gestirnten himmels fur den anfang des jahres 1855(in German)cF. W. A. Argelander aBonn, BerlinbFerdinand Dummlers Verlagc1966 a[various pagings.] aBonner Starkaten Zweite Serie a Atlas-Stars 98499 a Stars Atlas98500 aAstronomy and Astrophysics Thesaurus 91143 cBK c4780d4780 00104070aBANbBANcGENd1975-10-24l0o084.4:524.31/ ARGp5346r2021-11-05w1975-10-24yBK